Central Library OPAC University of Rajshahi
Normal view MARC view

Entry Topical Term

Number of records used in: 2

001 - CONTROL NUMBER

  • control field: 10011

003 - CONTROL NUMBER IDENTIFIER

  • control field: BD-RjUL

005 - DATE AND TIME OF LATEST TRANSACTION

  • control field: 20231112174135.0

008 - FIXED-LENGTH DATA ELEMENTS

  • fixed length control field: 231112|| aca||aabn | a|a d

040 ## - CATALOGING SOURCE

  • Original cataloging agency: BD-RjUL
  • Transcribing agency: BD-RjUL

150 ## - HEADING--TOPICAL TERM

  • Topical term or geographic name entry element: Fisheries
  • General subdivision: Rajshahi

670 ## - SOURCE DATA FOUND

  • Source citation: Work cat.: (BD-RjUL)82274: Molina, Mahbub Ara 10010, Eco-biology of mystus vittatus (Bloch, 1794) with reference to its fishery at Rajshahi /, 2014